Filme anhand von Logos erraten - Statistiken

Allgemein
  • Dieses Quiz wurde 2.025 mal gespielt
  • Das Durchschnittsergebnis liegt bei 9 aus 12
Antwortstatistiken
Bildquiz Antwort % Korrekt
Harry Potter
97%
Ghostbusters
96%
Jurassic Park
96%
Toy Story
92%
Cars
90%
The Avengers
86%
The Incredibles
65%
The Hunger Games
57%
Top Gun
57%
Finding Nemo
55%
Home Alone
47%
Monsters Inc
32%
Keine übereinstimmenden Quizze gefunden
Verteilung der Resultate
Anzahl Personen mit jedem Resultat
Perzentil nach korrekt beantworteten Fragen
Ihre Resultats-Entwicklung
Sie haben dieses Quiz noch nicht gespielt